[Event "16 Dubai Open 2014"]
[Site "Dubai Chess Club"]
[Date "2014.04.07"]
[Round "1"]
[Board "10"]
[White "Iturrizaga Bonelli, Eduardo"]
[Black "Al-Aqrabi, Saleh"]
[Result "1-0"]
[WhiteElo "2635"]
[BlackElo "2154"]
[PlyCount "0"]
[EventDate "2014.04.07"]
[EventRounds "9"]
[EventCountry "UAE"]

1. Nf3 {[%clk 1:30:58]} d5 {[%clk 1:30:44]} 2. c4 {[%clk 1:31:26]} c6
{[%clk 1:31:03]} 3. e3 {[%clk 1:31:53]} Nf6 {[%clk 1:30:59]} 4. Nc3
{[%clk 1:32:21]} a6 {[%clk 1:30:59]} 5. Qc2 {[%clk 1:31:29]} e6 {[%clk 1:28:14]}
6. b3 {[%clk 1:31:55]} b5 {[%clk 1:27:52]} 7. Bb2 {[%clk 1:32:11]} Be7
{[%clk 1:27:29]} 8. g4 {[%clk 1:31:06]} O-O {[%clk 1:23:54]} 9. g5
{[%clk 1:30:57]} Ne8 {[%clk 1:24:15]} 10. h4 {[%clk 1:30:31]} Nd7
{[%clk 1:24:26]} 11. Bd3 {[%clk 1:20:41]} f5 {[%clk 1:22:05]} 12. gxf6
{[%clk 1:06:14]} Ndxf6 {[%clk 1:21:19]} 13. Ng5 {[%clk 1:03:54]} h6
{[%clk 1:21:41]} 14. Bh7+ {[%clk 1:04:11]} Kh8 {[%clk 1:22:00]} 15. Ne2
{[%clk 1:04:31]} Bd6 {[%clk 1:12:31]} 16. c5 {[%clk 1:04:52]} Bc7
{[%clk 1:11:59]} 17. Nd4 {[%clk 1:05:17]} e5 {[%clk 1:09:04]} 18. Nxc6
{[%clk 1:02:50]} Qd7 {[%clk 1:09:32]} 19. Nxe5 {[%clk 1:03:19]} Bxe5
{[%clk 1:10:00]} 20. Bxe5 {[%clk 1:03:36]} Ng4 {[%clk 1:06:42]} 21. Bg3
{[%clk 1:01:10]} Qe7 {[%clk 1:05:13]} 22. Nh3 {[%clk 1:00:07]} Qf6
{[%clk 0:59:52]} 23. O-O-O {[%clk 1:00:31]} Be6 {[%clk 0:58:42]} 24. d4
{[%clk 0:59:37]} Qf3 {[%clk 0:49:34]} 25. Nf4 {[%clk 0:58:52]} Rxf4
{[%clk 0:49:39]} 26. Bxf4 {[%clk 0:58:09]} Nef6 {[%clk 0:49:24]} 27. Bd3
{[%clk 0:58:19]} Nxf2 {[%clk 0:48:59]} 28. Rdf1 {[%clk 0:58:10]} N6g4
{[%clk 0:46:38]} 29. Be2 {[%clk 0:58:25]} Qe4 {[%clk 0:46:19]} 30. Qxe4
{[%clk 0:56:48]} dxe4 {[%clk 0:41:40]} 31. Rhg1 {[%clk 0:55:49]} h5
{[%clk 0:42:06]} 32. Kd2 {[%clk 0:55:16]} Nh3 {[%clk 0:38:34]} 33. Rg3
{[%clk 0:54:58]} Nhf2 {[%clk 0:36:36]} 34. Rxf2 {[%clk 0:51:45]} Nxf2
{[%clk 0:36:56]} 35. Rg5 {[%clk 0:51:37]} 1-0

[Event "16 Dubai Open 2014"]
[Site "Dubai Chess Club"]
[Date "2014.04.07"]
[Round "1"]
[Board "11"]
[White "Fries, Frederik"]
[Black "Solak, Dragan"]
[Result "0-1"]
[WhiteElo "2154"]
[BlackElo "2635"]
[PlyCount "0"]
[EventDate "2014.04.07"]
[EventRounds "9"]
[EventCountry "UAE"]

1. Nf3 {[%clk 1:30:28]} c5 {[%clk 1:30:45]} 2. c4 {[%clk 1:30:47]} Nc6
{[%clk 1:30:57]} 3. d4 {[%clk 1:30:55]} cxd4 {[%clk 1:31:16]} 4. Nxd4
{[%clk 1:31:15]} e5 {[%clk 1:24:49]} 5. Nb5 {[%clk 1:29:38]} a6 {[%clk 1:24:50]}
6. Nd6+ {[%clk 1:29:39]} Bxd6 {[%clk 1:25:14]} 7. Qxd6 {[%clk 1:30:00]} Qf6
{[%clk 1:25:23]} 8. Qd2 {[%clk 1:28:17]} Nge7 {[%clk 1:22:03]} 9. Nc3
{[%clk 1:28:24]} Qg6 {[%clk 1:18:40]} 10. b3 {[%clk 1:18:38]} Nd4
{[%clk 1:13:45]} 11. Rb1 {[%clk 1:04:37]} d5 {[%clk 1:03:42]} 12. e3
{[%clk 0:57:55]} Nc2+ {[%clk 1:00:27]} 13. Kd1 {[%clk 0:58:06]} Nb4
{[%clk 0:41:38]} 14. Rb2 {[%clk 0:48:14]} dxc4 {[%clk 0:27:44]} 15. bxc4
{[%clk 0:46:09]} Bg4+ {[%clk 0:27:00]} 16. f3 {[%clk 0:44:53]} Rd8
{[%clk 0:26:28]} 17. Rxb4 {[%clk 0:45:05]} Rxd2+ {[%clk 0:26:30]} 18. Bxd2
{[%clk 0:43:00]} Bc8 {[%clk 0:26:23]} 19. g3 {[%clk 0:33:28]} O-O
{[%clk 0:26:12]} 20. Be2 {[%clk 0:33:24]} Rd8 {[%clk 0:26:17]} 21. Rb2
{[%clk 0:32:00]} Qc6 {[%clk 0:21:34]} 22. Rc2 Be6 {[%clk 0:20:56]} 23. Ne4
{[%clk 0:29:14]} Bf5 {[%clk 0:20:34]} 0-1

[Event "16 Dubai Open 2014"]
[Site "Dubai Chess Club"]
[Date "2014.04.07"]
[Round "1"]
[Board "12"]
[White "Gupta, Abhijeet"]
[Black "Osman, Abdelgadir"]
[Result "1-0"]
[WhiteElo "2630"]
[BlackElo "2153"]
[PlyCount "0"]
[EventDate "2014.04.07"]
[EventRounds "9"]
[EventCountry "UAE"]

1. Nf3 {[%clk 1:30:38]} Nf6 {[%clk 1:30:32]} 2. c4 {[%clk 1:31:02]} c5
{[%clk 1:30:37]} 3. Nc3 {[%clk 1:31:22]} g6 {[%clk 1:30:03]} 4. d4
{[%clk 1:31:07]} cxd4 {[%clk 1:30:04]} 5. Nxd4 {[%clk 1:31:34]} Bg7
{[%clk 1:30:25]} 6. e4 {[%clk 1:31:52]} d6 {[%clk 1:30:07]} 7. Be2
{[%clk 1:32:12]} O-O {[%clk 1:30:17]} 8. O-O {[%clk 1:32:38]} Nc6
{[%clk 1:29:50]} 9. Nc2 {[%clk 1:32:34]} Be6 {[%clk 1:24:55]} 10. Bd2
{[%clk 1:30:52]} a5 {[%clk 1:18:44]} 11. Kh1 {[%clk 1:30:11]} a4 {[%clk 1:17:53]}
12. Rb1 {[%clk 1:29:37]} Ne5 {[%clk 1:10:22]} 13. Ne3 {[%clk 1:28:17]} Qc8
{[%clk 1:06:17]} 14. Rc1 {[%clk 1:26:48]} Qd8 {[%clk 1:06:14]} 15. Ned5
{[%clk 1:25:41]} Bd7 {[%clk 1:05:48]} 16. Be3 {[%clk 1:23:14]} Bc6
{[%clk 1:04:19]} 17. Bb6 {[%clk 1:22:36]} Qd7 {[%clk 1:03:38]} 18. Nxf6+
{[%clk 1:22:06]} Bxf6 {[%clk 0:57:50]} 19. f4 {[%clk 1:21:45]} e6
{[%clk 0:56:56]} 20. fxe5 {[%clk 1:21:35]} Bxe5 {[%clk 0:57:22]} 21. c5
{[%clk 1:20:52]} d5 {[%clk 0:57:00]} 22. exd5 {[%clk 1:21:09]} exd5
{[%clk 0:57:13]} 23. Bf3 {[%clk 1:20:18]} d4 {[%clk 0:50:38]} 24. Ne4
{[%clk 1:19:54]} Qe7 {[%clk 0:50:21]} 25. Qd3 {[%clk 1:16:25]} Rae8
{[%clk 0:48:55]} 26. Ng3 {[%clk 1:16:16]} Qh4 {[%clk 0:48:29]} 27. Bxc6
{[%clk 1:16:35]} bxc6 {[%clk 0:48:33]} 28. Rce1 {[%clk 1:16:16]} Bb8
{[%clk 0:47:11]} 29. Ba5 {[%clk 1:15:16]} f5 {[%clk 0:47:06]} 30. Bd2
{[%clk 1:14:40]} Re4 {[%clk 0:46:55]} 31. Rxe4 {[%clk 1:13:58]} fxe4
{[%clk 0:46:30]} 32. Qc4+ 1-0

[Event "16 Dubai Open 2014"]
[Site "Dubai Chess Club"]
[Date "2014.04.07"]
[Round "1"]
[Board "13"]
[White "Pratyusha, Bodda"]
[Black "Mchedlishvili, Mikheil"]
[Result "0-1"]
[WhiteElo "2149"]
[BlackElo "2628"]
[PlyCount "0"]
[EventDate "2014.04.07"]
[EventRounds "9"]
[EventCountry "UAE"]

1. e4 c5 2. Nf3 e6 3. d4 cxd4 4. Nxd4 a6 5. Bd3 Nf6 6. Qe2 d6 7. c4 g6 8. Nc3 Bg7
9. Be3 O-O 10. Rc1 Nbd7 11. f4 Re8 12. O-O Qc7 13. Kh1 b6 14. b4 Bb7 15. Nb3 h5
16. h3 Rac8 17. Qf2 Qb8 18. Rfe1 Ba8 19. Kg1 Rc7 20. Rc2 b5 21. c5 dxc5 22. Nxc5
Nxc5 23. Bxc5 Rd8 24. Bf1 Rxc5 25. bxc5 b4 26. Ne2 Bxe4 27. Rcc1 Bd5 28. c6 Rc8
29. Nd4 Ne4 30. Rxe4 Bxe4 31. Bxa6 Bxd4 32. Qxd4 Rxc6 33. Rxc6 Bxc6 34. Bc4 Qa8
35. Qd2 Qa7+ 36. Kh2 Qc5 37. Bb3 Kg7 38. Qe1 Qc3 39. Qf2 Be4 40. g4 h4 41. g5 Qa1
 0-1

[Event "16 Dubai Open 2014"]
[Site "Dubai Chess Club"]
[Date "2014.04.07"]
[Round "1"]
[Board "14"]
[White "Petrosian, Tigran L."]
[Black "Mona, Khaled"]
[Result "0-1"]
[WhiteElo "2627"]
[BlackElo "2140"]
[PlyCount "0"]
[EventDate "2014.04.07"]
[EventRounds "9"]
[EventCountry "UAE"]

1. b3 {[%clk 1:30:52]} Nf6 {[%clk 1:30:43]} 2. Bb2 {[%clk 1:31:17]} d5
{[%clk 1:31:04]} 3. e3 {[%clk 1:31:32]} g6 {[%clk 1:30:57]} 4. Bxf6
{[%clk 1:31:18]} exf6 {[%clk 1:31:20]} 5. d4 {[%clk 1:31:42]} b6 {[%clk 1:29:29]}
6. h4 {[%clk 1:31:09]} Ba6 {[%clk 1:29:12]} 7. Bxa6 {[%clk 1:31:19]} Nxa6
{[%clk 1:29:40]} 8. h5 {[%clk 1:31:39]} Bg7 {[%clk 1:27:38]} 9. Ne2
{[%clk 1:31:16]} f5 {[%clk 1:25:52]} 10. Nf4 {[%clk 1:31:23]} c6 {[%clk 1:22:57]}
11. Nc3 {[%clk 1:23:50]} Nc7 {[%clk 1:22:12]} 12. Nce2 {[%clk 1:23:12]} Qe7
{[%clk 1:21:47]} 13. a4 {[%clk 1:22:31]} Rd8 {[%clk 1:20:07]} 14. Kf1
{[%clk 1:19:45]} Ne6 {[%clk 1:19:20]} 15. Rc1 {[%clk 1:19:26]} Bh6
{[%clk 1:17:32]} 16. Nd3 {[%clk 1:19:21]} c5 {[%clk 1:16:53]} 17. c3
{[%clk 1:19:20]} Bg7 {[%clk 1:16:16]} 18. b4 {[%clk 1:07:09]} c4 {[%clk 1:15:06]}
19. Ndf4 {[%clk 1:07:26]} Bh6 {[%clk 1:13:50]} 20. Nh3 {[%clk 0:58:49]} a6
{[%clk 1:11:19]} 21. Qc2 {[%clk 0:45:37]} Kf8 {[%clk 1:07:49]} 22. Re1
{[%clk 0:44:45]} Ng7 {[%clk 1:06:48]} 23. Ng3 {[%clk 0:44:13]} Re8
{[%clk 1:06:01]} 24. f4 {[%clk 0:39:10]} Rd8 {[%clk 0:58:59]} 25. Ng1
{[%clk 0:38:23]} Ne8 {[%clk 0:57:29]} 26. Nf3 {[%clk 0:38:46]} Nf6
{[%clk 0:50:02]} 27. Ne5 {[%clk 0:38:22]} Rd6 {[%clk 0:50:21]} 28. Rh3
{[%clk 0:31:04]} Re6 {[%clk 0:48:39]} 29. Ke2 {[%clk 0:23:31]} Qe8
{[%clk 0:46:52]} 30. Reh1 {[%clk 0:23:41]} Ng8 {[%clk 0:46:31]} 31. hxg6
{[%clk 0:22:21]} hxg6 {[%clk 0:46:53]} 32. Kf2 {[%clk 0:15:12]} Kg7
{[%clk 0:40:12]} 33. Nxf5+ {[%clk 0:13:00]} gxf5 {[%clk 0:39:14]} 34. Qxf5
{[%clk 0:13:26]} Nf6 {[%clk 0:36:45]} 35. Kf3 {[%clk 0:06:31]} Ne4
{[%clk 0:34:29]} 36. Rh4 {[%clk 0:06:50]} Nd6 {[%clk 0:31:49]} 37. Qh3
{[%clk 0:03:44]} Qxa4 {[%clk 0:30:44]} 38. f5 {[%clk 0:03:51]} Rf6
{[%clk 0:26:10]} 39. Rh5 {[%clk 0:03:36]} Ne4 {[%clk 0:21:25]} 40. Qg4+
{[%clk 0:01:23]} Kf8 {[%clk 0:21:22]} 41. Qh4 {[%clk 0:01:52]} Rg8
{[%clk 0:19:56]} 42. g4 {[%clk 0:01:23]} Ng5+ {[%clk 0:18:06]} 43. Kg3
{[%clk 0:01:47]} Ne4+ {[%clk 0:18:04]} 44. Kf3 {[%clk 0:02:17]} Bg5
{[%clk 0:15:14]} 45. Qh2 {[%clk 0:02:45]} Ke7 {[%clk 0:14:51]} 46. Rh7
{[%clk 0:01:23]} Nd6 {[%clk 0:13:31]} 47. b5 {[%clk 0:00:48]} Qxb5
{[%clk 0:13:10]} 48. Qa2 {[%clk 0:01:01]} Nxf5 {[%clk 0:08:35]} 49. gxf5
{[%clk 0:01:30]} Rxf5+ {[%clk 0:08:58]} 50. Ke2 {[%clk 0:01:59]} Bf6
{[%clk 0:02:24]} 51. Rxf7+ {[%clk 0:00:40]} Ke6 {[%clk 0:02:50]} 52. Rh2
{[%clk 0:00:34]} Bxe5 {[%clk 0:02:47]} 53. Rxf5 {[%clk 0:00:46]} Bxh2
{[%clk 0:03:10]} 54. Rf2 {[%clk 0:01:10]} Bd6 {[%clk 0:03:29]} 55. Qc2
{[%clk 0:01:34]} Rg5 {[%clk 0:03:11]} 56. e4 {[%clk 0:01:32]} Qe8
{[%clk 0:02:20]} 57. Kd2 {[%clk 0:01:06]} Bf4+ {[%clk 0:02:26]} 58. Ke1
{[%clk 0:01:09]} Bg3 {[%clk 0:02:32]} 59. Kf1 {[%clk 0:00:44]} Bxf2
{[%clk 0:02:51]} 60. Qe2 {[%clk 0:00:00]} 0-1

[Event "16 Dubai Open 2014"]
[Site "Dubai Chess Club"]
[Date "2014.04.07"]
[Round "1"]
[Board "15"]
[White "Nadir, Samir"]
[Black "Rakhmanov, Aleksandr"]
[Result "0-1"]
[WhiteElo "2133"]
[BlackElo "2610"]
[PlyCount "0"]
[EventDate "2014.04.07"]
[EventRounds "9"]
[EventCountry "UAE"]

1. d4 {[%clk 1:30:43]} g6 {[%clk 1:29:35]} 2. c4 {[%clk 1:30:52]} Bg7
{[%clk 1:29:58]} 3. e4 {[%clk 1:31:02]} c5 {[%clk 1:29:54]} 4. d5
{[%clk 1:29:31]} d6 {[%clk 1:30:06]} 5. Nf3 {[%clk 1:28:36]} e6 {[%clk 1:30:03]}
6. Nc3 {[%clk 1:24:34]} Bxc3+ {[%clk 1:18:40]} 7. bxc3 {[%clk 1:24:53]} e5
{[%clk 1:19:02]} 8. Be2 {[%clk 1:15:00]} Nd7 {[%clk 1:19:13]} 9. h4
{[%clk 1:08:07]} h6 {[%clk 1:18:20]} 10. Qd3 {[%clk 1:03:40]} Ne7
{[%clk 1:12:01]} 11. h5 {[%clk 0:51:04]} g5 {[%clk 1:12:24]} 12. Nh2
{[%clk 0:45:41]} Nb6 {[%clk 1:09:44]} 13. g4 {[%clk 0:43:02]} Na4
{[%clk 1:08:59]} 14. Nf1 {[%clk 0:41:15]} Bd7 {[%clk 1:05:25]} 15. Ne3
{[%clk 0:39:03]} a6 {[%clk 1:03:38]} 16. Rb1 {[%clk 0:35:35]} b5 {[%clk 0:56:10]}
17. O-O {[%clk 0:33:38]} Nb6 {[%clk 0:48:51]} 18. Qd1 {[%clk 0:24:23]} bxc4
{[%clk 0:44:46]} 19. Nxc4 {[%clk 0:21:38]} Nxc4 {[%clk 0:45:00]} 20. Bxc4
{[%clk 0:21:57]} Bb5 {[%clk 0:37:09]} 21. Qe2 {[%clk 0:13:56]} O-O
{[%clk 0:25:58]} 22. Bxb5 {[%clk 0:12:41]} axb5 {[%clk 0:25:46]} 23. Rxb5
{[%clk 0:12:19]} Qd7 {[%clk 0:26:02]} 24. f3 {[%clk 0:11:57]} Rxa2
{[%clk 0:21:42]} 25. Qxa2 {[%clk 0:10:14]} Qxb5 {[%clk 0:22:10]} 26. Qa7
{[%clk 0:07:33]} Nc8 {[%clk 0:21:48]} 27. Qc7 {[%clk 0:07:04]} Kg7
{[%clk 0:18:03]} 28. c4 {[%clk 0:05:45]} Qxc4 {[%clk 0:12:21]} 29. Qd7
{[%clk 0:05:06]} Qe2 {[%clk 0:12:17]} 30. Qf5 {[%clk 0:01:25]} Ne7
{[%clk 0:09:16]} 31. Qd7 {[%clk 0:01:54]} Nxd5 {[%clk 0:07:12]} 32. Qxd6
{[%clk 0:01:09]} Ne3 {[%clk 0:05:04]} 33. Bxe3 {[%clk 0:01:02]} Qxe3+
{[%clk 0:05:31]} 34. Kg2 {[%clk 0:01:07]} Qc3 {[%clk 0:03:21]} 35. Rd1
{[%clk 0:00:51]} Ra8 {[%clk 0:03:34]} 36. Rd2 {[%clk 0:00:38]} Ra3
{[%clk 0:03:28]} 37. Rf2 {[%clk 0:00:34]} Qd4 {[%clk 0:01:53]} 38. Rd2
{[%clk 0:00:35]} Qc3 {[%clk 0:02:22]} 39. Rf2 {[%clk 0:00:55]} c4
{[%clk 0:02:51]} 40. Qd2 {[%clk 0:00:33]} Qd4 {[%clk 0:02:53]} 41. Qb4
{[%clk 0:00:33]} Rb3 {[%clk 0:02:37]} 0-1

[Event "16 Dubai Open 2014"]
[Site "Dubai Chess Club"]
[Date "2014.04.07"]
[Round "1"]
[Board "16"]
[White "Stevic, Hrvoje"]
[Black "Nishant, Malhotra"]
[Result "1-0"]
[WhiteElo "2607"]
[BlackElo "2118"]
[PlyCount "0"]
[EventDate "2014.04.07"]
[EventRounds "9"]
[EventCountry "UAE"]

1. e4 {[%clk 1:30:54]} e5 {[%clk 1:30:21]} 2. Nc3 {[%clk 1:31:08]} Nf6
{[%clk 1:29:53]} 3. g3 {[%clk 1:31:27]} d5 {[%clk 1:28:59]} 4. exd5
{[%clk 1:31:51]} Nxd5 {[%clk 1:29:20]} 5. Bg2 {[%clk 1:32:11]} Nxc3
{[%clk 1:25:42]} 6. bxc3 {[%clk 1:32:34]} c5 {[%clk 1:21:55]} 7. d3
{[%clk 1:27:35]} Bd6 {[%clk 1:18:32]} 8. Nf3 {[%clk 1:22:13]} O-O
{[%clk 1:14:29]} 9. O-O {[%clk 1:22:16]} Nc6 {[%clk 1:14:27]} 10. Nd2
{[%clk 1:10:43]} Be6 {[%clk 1:04:22]} 11. Ne4 {[%clk 1:10:57]} Be7
{[%clk 1:02:03]} 12. Be3 {[%clk 1:06:37]} Qa5 {[%clk 0:55:03]} 13. Rb1
{[%clk 1:06:36]} Rab8 {[%clk 0:49:43]} 14. c4 {[%clk 1:06:28]} a6
{[%clk 0:46:02]} 15. Qe1 {[%clk 0:52:16]} Qxe1 {[%clk 0:31:50]} 16. Rfxe1
{[%clk 0:51:29]} Nd4 {[%clk 0:28:41]} 17. Bxd4 {[%clk 0:50:51]} cxd4
{[%clk 0:24:16]} 18. Rb6 {[%clk 0:34:07]} Bd8 {[%clk 0:22:42]} 19. Rb2
{[%clk 0:34:31]} Be7 {[%clk 0:13:32]} 20. Reb1 {[%clk 0:27:23]} b5
{[%clk 0:13:07]} 21. cxb5 {[%clk 0:27:14]} Rxb5 {[%clk 0:11:25]} 22. Rxb5
{[%clk 0:27:06]} axb5 {[%clk 0:11:50]} 23. Rxb5 {[%clk 0:27:29]} Rc8
{[%clk 0:08:18]} 24. a4 {[%clk 0:27:55]} Rxc2 {[%clk 0:07:28]} 25. h4
{[%clk 0:28:21]} f6 {[%clk 0:02:32]} 26. a5 {[%clk 0:28:44]} Ra2 {[%clk 0:01:55]}
27. Nc5 {[%clk 0:14:40]} Bxc5 {[%clk 0:01:36]} 28. Rxc5 {[%clk 0:15:06]} Kf7
{[%clk 0:01:20]} 29. Bb7 {[%clk 0:14:41]} Ke7 {[%clk 0:01:15]} 30. Kg2
{[%clk 0:02:56]} Kd6 {[%clk 0:01:06]} 31. Rc6+ {[%clk 0:02:39]} Kd7
{[%clk 0:00:58]} 32. Rc5 {[%clk 0:02:53]} Kd6 {[%clk 0:00:53]} 33. Rc6+
{[%clk 0:01:59]} Kd7 {[%clk 0:00:47]} 34. Ra6 {[%clk 0:02:17]} Bf5
{[%clk 0:00:51]} 35. Bd5 {[%clk 0:02:02]} Ra3 {[%clk 0:01:11]} 36. Be4
{[%clk 0:01:29]} Bxe4+ {[%clk 0:01:19]} 37. dxe4 {[%clk 0:01:56]} Ke7
{[%clk 0:00:39]} 38. Ra7+ {[%clk 0:02:04]} Kf8 {[%clk 0:00:52]} 39. a6
{[%clk 0:01:36]} h5 {[%clk 0:01:11]} 40. f4 {[%clk 0:01:03]} d3 {[%clk 0:00:37]}
41. Kf2 {[%clk 0:01:25]} d2 {[%clk 0:00:40]} 42. Ke2 {[%clk 0:01:51]} Ra2
{[%clk 0:00:37]} 43. Ra8+ {[%clk 0:01:37]} Kf7 {[%clk 0:01:01]} 44. f5
{[%clk 0:02:03]} Ke7 {[%clk 0:00:39]} 45. a7 {[%clk 0:02:21]} Kf7
{[%clk 0:01:06]} 46. Kd1 {[%clk 0:02:47]} Ra1+ {[%clk 0:00:43]} 47. Kxd2
{[%clk 0:03:10]} Ra2+ {[%clk 0:01:12]} 48. Kc3 {[%clk 0:02:46]} Ra3+
{[%clk 0:01:24]} 49. Kb4 {[%clk 0:03:02]} Ra1 {[%clk 0:01:48]} 50. Kc4
{[%clk 0:03:12]} Rc1+ {[%clk 0:02:01]} 51. Kd3 {[%clk 0:03:34]} Ra1
{[%clk 0:01:25]} 52. g4 {[%clk 0:04:00]} hxg4 {[%clk 0:00:43]} 53. Ke2
{[%clk 0:04:26]} Ra2+ {[%clk 0:00:37]} 54. Kf1 {[%clk 0:04:51]} Ra1+
{[%clk 0:00:39]} 55. Kg2 {[%clk 0:05:17]} Ra3 {[%clk 0:00:34]} 56. h5
{[%clk 0:05:42]} Ra2+ {[%clk 0:00:33]} 57. Kg3 {[%clk 0:06:08]} Ra3+
{[%clk 0:00:34]} 58. Kxg4 {[%clk 0:06:27]} Ra1 {[%clk 0:00:34]} 59. h6
{[%clk 0:06:46]} 1-0

[Event "16 Dubai Open 2014"]
[Site "Dubai Chess Club"]
[Date "2014.04.07"]
[Round "1"]
[Board "17"]
[White "Nimmy, A.G."]
[Black "Andriasian, Zaven"]
[Result "0-1"]
[WhiteElo "2116"]
[BlackElo "2603"]
[PlyCount "0"]
[EventDate "2014.04.07"]
[EventRounds "9"]
[EventCountry "UAE"]

1. e4 {[%clk 1:30:56]} c5 {[%clk 1:30:50]} 2. Nf3 {[%clk 1:31:24]} d6
{[%clk 1:31:09]} 3. d4 {[%clk 1:31:42]} cxd4 {[%clk 1:31:31]} 4. Nxd4
{[%clk 1:32:11]} Nf6 {[%clk 1:31:49]} 5. Nc3 {[%clk 1:32:38]} a6 {[%clk 1:32:09]}
6. Be2 {[%clk 1:32:23]} g6 {[%clk 1:32:30]} 7. Be3 {[%clk 1:32:11]} Bg7
{[%clk 1:32:39]} 8. Qd2 {[%clk 1:32:07]} Nc6 {[%clk 1:29:32]} 9. f3
{[%clk 1:31:45]} Bd7 {[%clk 1:27:59]} 10. O-O-O {[%clk 1:31:14]} Rc8
{[%clk 1:26:05]} 11. g4 {[%clk 1:29:19]} b5 {[%clk 1:22:16]} 12. h4
{[%clk 1:19:47]} b4 {[%clk 1:19:38]} 13. Nd5 {[%clk 1:18:33]} Qa5
{[%clk 1:18:46]} 14. Kb1 {[%clk 0:42:49]} Nxd5 {[%clk 1:17:03]} 15. Nxc6
{[%clk 0:40:38]} Bxc6 {[%clk 1:14:09]} 16. exd5 {[%clk 0:39:05]} Ba4
{[%clk 1:12:44]} 17. Bd3 {[%clk 0:33:55]} Qxd5 {[%clk 1:09:16]} 18. Qxb4
{[%clk 0:32:49]} Qc6 {[%clk 1:08:26]} 19. b3 {[%clk 0:23:32]} Bb5
{[%clk 1:08:06]} 20. Be4 {[%clk 0:22:37]} Qc3 {[%clk 1:05:52]} 21. Qxc3
{[%clk 0:22:22]} Bxc3 {[%clk 1:06:12]} 22. Bd4 {[%clk 0:20:49]} O-O
{[%clk 1:04:08]} 23. Bb7 {[%clk 0:17:00]} Rc7 {[%clk 1:03:09]} 24. Bxc3
{[%clk 0:17:26]} Rxc3 {[%clk 1:01:45]} 25. Kb2 {[%clk 0:12:56]} Rc7
{[%clk 1:01:00]} 26. Be4 {[%clk 0:13:22]} Kg7 {[%clk 0:59:46]} 27. c4
{[%clk 0:12:18]} Bd7 {[%clk 0:59:38]} 28. Rhe1 {[%clk 0:08:30]} h6
{[%clk 0:53:14]} 29. Bd5 {[%clk 0:07:14]} Bc8 {[%clk 0:52:15]} 30. Rd2
{[%clk 0:06:54]} Rd8 {[%clk 0:49:24]} 31. Rc1 {[%clk 0:04:15]} Bd7
{[%clk 0:37:24]} 32. Re1 {[%clk 0:03:39]} Bc8 {[%clk 0:36:05]} 33. Rc1
{[%clk 0:03:17]} a5 {[%clk 0:35:09]} 34. Be4 {[%clk 0:02:58]} f5 {[%clk 0:33:38]}
35. gxf5 {[%clk 0:03:01]} gxf5 {[%clk 0:33:47]} 36. Bb1 {[%clk 0:02:40]} Be6
{[%clk 0:33:34]} 37. f4 {[%clk 0:00:41]} Kf6 {[%clk 0:33:14]} 38. Rg1
{[%clk 0:01:08]} Rb8 {[%clk 0:32:29]} 39. Ka3 {[%clk 0:00:45]} a4
{[%clk 0:31:42]} 40. h5 {[%clk 0:00:42]} axb3 {[%clk 0:29:11]} 41. axb3
{[%clk 0:00:40]} Bxc4 {[%clk 0:28:17]} 42. Rg6+ {[%clk 0:00:38]} Kf7
{[%clk 0:28:38]} 43. Bc2 {[%clk 0:00:46]} Ra7+ {[%clk 0:27:00]} 44. Kb2
{[%clk 0:01:15]} Rab7 {[%clk 0:27:18]} 45. Bxf5 {[%clk 0:00:45]} Rxb3+
{[%clk 0:26:01]} 46. Kc2 {[%clk 0:00:48]} R3b5 {[%clk 0:23:06]} 47. Bg4
{[%clk 0:00:42]} Rc5 {[%clk 0:23:04]} 48. Kc3 {[%clk 0:00:35]} Be6+
{[%clk 0:21:00]} 49. Kd3 {[%clk 0:00:41]} Rb3+ {[%clk 0:21:18]} 50. Ke2
{[%clk 0:00:51]} Bxg4+ {[%clk 0:21:42]} 51. Rxg4 {[%clk 0:01:17]} Rxh5
{[%clk 0:22:01]} 52. Rg2 {[%clk 0:01:27]} Rhh3 {[%clk 0:21:44]} 53. Rf2
{[%clk 0:01:40]} Kf6 {[%clk 0:21:41]} 54. Kf1 {[%clk 0:02:02]} Rh1+
{[%clk 0:21:05]} 55. Ke2 {[%clk 0:00:46]} Kf5 {[%clk 0:21:07]} 56. Ra2
{[%clk 0:00:47]} Rhb1 {[%clk 0:21:12]} 57. Ra5+ {[%clk 0:00:46]} Ke4
{[%clk 0:21:18]} 58. Ra4+ {[%clk 0:00:33]} Rb4 {[%clk 0:21:40]} 59. Rxb4+
{[%clk 0:00:54]} Rxb4 {[%clk 0:22:02]} 60. Kf1 {[%clk 0:01:21]} Kf5
{[%clk 0:22:19]} 61. Rh2 {[%clk 0:01:39]} Rb1+ {[%clk 0:22:42]} 0-1